| 000 | 00607nam a2200217Ia 4500 | ||
|---|---|---|---|
| 005 | 20260429111928.0 | ||
| 008 | 260429s9999||||xx |||||||||||||| ||und|| | ||
| 020 | _a9780367479176 | ||
| 041 | _aEnglish | ||
| 082 |
_a741.5 _bCHA |
||
| 100 | _aChatterji, Roma | ||
| 245 | 0 |
_aGraphic narratives and the mythological imagination in India / _cRoma Chatterji |
|
| 250 | _a1st ed. | ||
| 260 |
_aNew York : _bRoutledge, _c2020. |
||
| 300 | _axiv, 114 p.; pbk | ||
| 650 | _a Comics studies | ||
| 650 | _a Indian mythology | ||
| 650 | _a Literary criticism | ||
| 650 | _aGraphic narratives | ||
| 942 | _cTB | ||
| 999 |
_c51475 _d51475 |
||